Shining forth #8 / Anne Marie Rodgers.
Available copies
- 1 of 1 copy available at LARL/NWRL Consortium.
Current holds
0 current holds with 1 total copy.
Show Only Available Copies
| Location | Call Number / Copy Notes | Barcode | Shelving Location | Status | Due Date |
|---|---|---|---|---|---|
| Roseau Public Library | ROD (Text) | 35500005688393 | Main | Available | - |
Record details
- Physical Description: 284 p. ; 22 cm.
- Publisher: New York : Guideposts, c2012.
Content descriptions
| General Note: | Includes an excerpt from the next book in the series, Unexpected treasures by Melody Carlson. |
| Summary, etc.: | After Beverly almost has an accident, she begins ... Read More |
Search for related items by subject
| Subject: | Women > Fiction. Lighthouses > Fiction. Maine > Fiction. |
| Genre: | Christian fiction. |
Search for related items by series
| LDR | 01480cam a2200313 a 4500 | ||
|---|---|---|---|
| 001 | 190358 | ||
| 003 | LARL_NWRL_CONSORTIUM | ||
| 005 | 20120521113102.0 | ||
| 008 | 120521s2012 nyu 000 1 eng d | ||
| 010 | . | ‡a2012376730 | |
| 035 | . | ‡a(OCoLC)784118369 | |
| 040 | . | ‡aXDR ‡cXDR ‡dDLC | |
| 042 | . | ‡alccopycat | |
| 043 | . | ‡an-us-me | |
| 049 | . | ‡aNRG | |
| 050 | 0 | 0. | ‡aPS3573.I5332 ‡bS55 2012 |
| 082 | 0 | 0. | ‡a813/.54 ‡223 |
| 100 | 1 | . | ‡aRodgers, Anne Marie. ‡0(LARL_NWRL_CONSORTIUM)199358 |
| 245 | 1 | 0. | ‡aShining forth ‡n#8 / ‡cAnne Marie Rodgers. |
| 260 | . | ‡aNew York : ‡bGuideposts, ‡cc2012. | |
| 300 | . | ‡a284 p. ; ‡c22 cm. | |
| 490 | 0 | . | ‡aMiracles of Marble Cove ; ‡v8 |
| 500 | . | ‡aIncludes an excerpt from the next book in the series, Unexpected treasures by Melody Carlson. | |
| 520 | . | ‡aAfter Beverly almost has an accident, she begins to think seriously about a new career and the possibility of a relationship with handsome Jeff Mackenzie. Shelley is laid up when Aiden accidentally knocks her down. Margaret is thrilled to attend a lecture from an artist whose work is inspiring but finds the artist has lost her creative spark. Diane decides it's time to protect the beloved lighthouse when it is threatened by a developer. | |
| 650 | 0. | ‡aWomen ‡vFiction. | |
| 650 | 0. | ‡aLighthouses ‡vFiction. ‡0(LARL_NWRL_CONSORTIUM)165964 | |
| 651 | 0. | ‡aMaine ‡vFiction. ‡0(LARL_NWRL_CONSORTIUM)166017 | |
| 655 | 7. | ‡aChristian fiction. ‡2gsafd | |
| 901 | . | ‡a190358 ‡bLCCN ‡c190358 ‡tbiblio | |

Add to basket
Permalink
Disable Highlighting